[Event "ESP-chT CECLUB Div2"]
[Site "Linares"]
[Date "2019.08.21"]
[Round "4.4"]
[White "Beaumont Arizaleta, Mikel"]
[Black "Calzetta Ruiz, Monica"]
[Result "0-1"]
[WhiteElo "1754"]
[BlackElo "2257"]
[PlyCount "74"]
[EventDate "2019.08.19"]
[EventType "team-swiss"]
[EventRounds "7"]
[EventCountry "ESP"]
[SourceTitle "EXT 2020"]
[Source "ChessBase"]
[SourceDate "2019.10.17"]
[SourceVersion "1"]
[SourceVersionDate "2019.10.17"]
[SourceQuality "1"]
[WhiteTeam "San Juan"]
[BlackTeam "Villalba 64"]
[WhiteTeamCountry "ESP"]
[BlackTeamCountry "ESP"]

1. c4 e5 2. Nc3 Nf6 3. g3 d5 4. cxd5 Nxd5 5. Bg2 Nb6 6. d3 Be7 7. Nf3 Nc6 8. 0-0 0-0 9. Bd2 Kh8 10. Rc1 f5 11. a3 Bf6 12. h4 h6 13. b4 Re8 14. Ne1 a6 15. Na4 Nxa4 16. Qxa4 Bd7 17. Qd1 Rb8 18. e3 Ne7 19. Qc2 Bc6 20. Nf3 Qd5 21. Rfd1 Rbd8 22. Ne1 Qd7 23. Bc3 Ba4 24. Qb2 Bxd1 25. Rxd1 Nd5 26. Bxd5 Qxd5 27. Qe2 c5 28. Qh5 Qb3 29. Bd2 e4 30. dxe4 fxe4 31. Ng2 Re5 32. Qg4 Red5 33. Qe2 Bc3 34. Nf4 Rxd2 35. Rxd2 Rxd2 36. Ng6+ Kh7 37. Nf8+ Kg8 0-1

[Event "Navarra-chTA"]
[Site "Pamplona"]
[Date "2015.10.17"]
[Round "2.8"]
[White "Beaumont Arizaleta, Mikel"]
[Black "Agudo Tena, Angel"]
[Result "1/2-1/2"]
[WhiteElo "1804"]
[BlackElo "1904"]
[PlyCount "115"]
[EventDate "2015.10.10"]
[EventType "team-tourn"]
[EventRounds "7"]
[EventCountry "ESP"]
[SourceTitle "CBM 169 Extra"]
[Source "ChessBase"]
[SourceDate "2015.12.18"]
[SourceVersion "1"]
[SourceVersionDate "2015.12.18"]
[SourceQuality "1"]
[WhiteTeam "San Juan"]
[BlackTeam "Oberena"]
[WhiteTeamCountry "ESP"]
[BlackTeamCountry "ESP"]

1. e4 e5 2. Nf3 Nc6 3. d4 exd4 4. Nxd4 Bc5 5. Nb3 Bb6 6. Nc3 Qf6 7. Qe2 Nge7 8. Bd2 0-0 9. h4 Nb4 10. Bg5 Qe6 11. 0-0-0 a5 12. a3 f6 13. Be3 a4 14. Nc5 Na2+ 15. Nxa2 Qxa2 16. Qc4+ Qxc4 17. Bxc4+ Kh8 18. Nxd7 Bxd7 19. Rxd7 Bxe3+ 20. fxe3 Nc6 21. Rxc7 Ne5 22. Bd5 Rac8 23. Rxc8 Rxc8 24. Rd1 b6 25. Rd4 b5 26. Kd2 h6 27. Rb4 Rc5 28. h5 g6 29. hxg6 Kg7 30. b3 axb3 31. cxb3 Kxg6 32. Bb7 Kg5 33. Ba6 Kg4 34. Bxb5 Kg3 35. Be2 Kxg2 36. Rb6 Nd7 37. Rd6 Rc7 38. a4 Nc5 39. Rb6 Nxe4+ 40. Kd3 Nc5+ 41. Kd4 Nd7 42. Rd6 Kg3 43. Bc4 h5 44. Bb5 Nc5 45. b4 Nb3+ 46. Kd5 h4 47. Rxf6 h3 48. Rg6+ Kf2 49. Kd6 Rb7 50. Ke5 h2 51. Rh6 Kg1 52. Rg6+ Kf2 53. Rf6+ Kg1 54. Rg6+ Kf2 55. Bc6 Rxb4 56. Rg2+ Kxe3 57. Rxh2 Nd4 58. Rh3+ 1/2-1/2

[Event "Huarte Puente Foral op 7th"]
[Site "Huarte"]
[Date "2012.12.08"]
[Round "6"]
[White "Aguinaga Ruiz, Jesus Luis"]
[Black "Beaumont Arizaleta, Mikel"]
[Result "1-0"]
[WhiteElo "1944"]
[BlackElo "1756"]
[PlyCount "61"]
[EventDate "2012.12.04"]
[EventType "swiss"]
[EventRounds "7"]
[EventCountry "ESP"]
[SourceTitle "EXT 2016"]
[Source "ChessBase"]
[SourceDate "2015.10.08"]
[SourceVersion "1"]
[SourceVersionDate "2015.10.08"]
[SourceQuality "1"]

1. d4 Nf6 2. Bf4 e6 3. e3 b6 4. Nf3 Bb7 5. Bd3 Na6 6. c3 c5 7. Nbd2 Rc8 8. h3 Nc7 9. 0-0 Ncd5 10. Bh2 h6 11. e4 Nc7 12. c4 cxd4 13. e5 Nh7 14. Nxd4 Bc5 15. N4b3 Be7 16. Qg4 0-0 17. Ne4 f5 18. exf6 Nxf6 19. Nxf6+ Bxf6 20. Bd6 Be7 21. Bg3 Ne8 22. Rfe1 Bd6 23. Bh4 g5 24. Bg3 Qf6 25. Qe2 Bf4 26. Rad1 Rf7 27. Bxf4 gxf4 28. Be4 Bxe4 29. Qxe4 Qxb2 30. Rxd7 Nf6 31. Qg6+ 1-0

[Event "Huarte Puente Foral op-B 5th"]
[Site "Huarte"]
[Date "2010.12.06"]
[Round "5"]
[White "Beaumont Arizaleta, Mikel"]
[Black "Sevilla Subiza, Javier"]
[Result "0-1"]
[WhiteElo "1765"]
[BlackElo "1870"]
[PlyCount "46"]
[EventDate "2010.12.03"]
[EventType "swiss"]
[EventRounds "7"]
[EventCountry "ESP"]
[SourceTitle "EXT 2016"]
[Source "ChessBase"]
[SourceDate "2015.10.08"]
[SourceVersion "1"]
[SourceVersionDate "2015.10.08"]
[SourceQuality "1"]

1. e4 g6 2. Nc3 Bg7 3. Nf3 d6 4. d4 Nf6 5. h3 0-0 6. Be3 c6 7. Be2 Qc7 8. 0-0 e5 9. d5 a6 10. Qd2 c5 11. a4 Nbd7 12. Nh2 Ne8 13. Bg5 f6 14. Bh6 f5 15. exf5 gxf5 16. Qg5 Ndf6 17. Nf3 Qf7 18. Nh4 Kh8 19. Rad1 Rg8 20. Kh2 f4 21. g4 Bf8 22. Bg7+ Rxg7 23. Qh6 Rg8 0-1

[Event "Huarte Puente Foral op-B 4th"]
[Site "Huarte"]
[Date "2009.12.04"]
[Round "4"]
[White "Beaumont Arizaleta, Mikel"]
[Black "Garcia Martinez, Oscar"]
[Result "1/2-1/2"]
[WhiteElo "1718"]
[BlackElo "1887"]
[PlyCount "91"]
[EventDate "2009.12.01"]
[EventType "swiss"]
[EventRounds "8"]
[EventCountry "ESP"]
[SourceTitle "EXT 2016"]
[Source "ChessBase"]
[SourceDate "2015.10.08"]
[SourceVersion "1"]
[SourceVersionDate "2015.10.08"]
[SourceQuality "1"]

1. e4 e5 2. Nf3 Nc6 3. d4 exd4 4. Nxd4 Bc5 5. Be3 Qe7 6. Nc3 Bb4 7. Qd2 d6 8. a3 Bxc3 9. Qxc3 Nxd4 10. Qxd4 Nf6 11. Bd3 Bd7 12. Bg5 Qe5 13. Bxf6 gxf6 14. c3 Qxd4 15. cxd4 Rg8 16. g3 Ke7 17. Rc1 c6 18. Kd2 h6 19. Rhe1 Rae8 20. Re3 Kf8 21. Rce1 Kg7 22. Rf3 d5 23. e5 fxe5 24. dxe5 c5 25. b3 b5 26. Rf6 c4 27. bxc4 dxc4 28. Rd6 Be6 29. Bc2 Rd8 30. Kc3 a5 31. f4 Rb8 32. Rb1 Rge8 33. f5 Bc8 34. Rd5 Ba6 35. Rd6 Bc8 36. Rd5 Ba6 37. g4 Red8 38. Rd6 Rxd6 39. exd6 Kf6 40. h4 Ke5 41. g5 hxg5 42. hxg5 Kxd6 43. g6 fxg6 44. fxg6 Ke5 45. Re1+ Kf6 46. Rf1+ 1/2-1/2

[Event "Huarte Puente Foral op-B 4th"]
[Site "Huarte"]
[Date "2009.12.03"]
[Round "3"]
[White "Beaumont Arizaleta, Mikel"]
[Black "Anguas Fanlo, Sergio"]
[Result "0-1"]
[WhiteElo "1718"]
[BlackElo "1994"]
[PlyCount "87"]
[EventDate "2009.12.01"]
[EventType "swiss"]
[EventRounds "8"]
[EventCountry "ESP"]
[SourceTitle "EXT 2016"]
[Source "ChessBase"]
[SourceDate "2015.10.08"]
[SourceVersion "1"]
[SourceVersionDate "2015.10.08"]
[SourceQuality "1"]

1. e4 e6 2. d4 d5 3. Nc3 Bb4 4. e5 c5 5. Bd2 Bd7 6. Qg4 g6 7. Nf3 Bxc3 8. bxc3 c4 9. h4 h5 10. Qg3 Nc6 11. Ng5 Nce7 12. Qf3 Nf5 13. g4 hxg4 14. Qxg4 Qe7 15. Qf4 0-0-0 16. a4 f6 17. exf6 Qxf6 18. Rb1 Re8 19. Qe5 Qxe5+ 20. dxe5 Rxh4 21. Rxh4 Nxh4 22. a5 Ne7 23. Be3 Nc6 24. Bd4 Rf8 25. Bh3 Nf3+ 26. Nxf3 Rxf3 27. Bg4 Rf4 28. f3 Nxd4 29. cxd4 Rxd4 30. c3 Rd3 31. Rc1 Re3+ 32. Kd2 Rxe5 33. Rh1 d4 34. cxd4 Rxa5 35. f4 Ra2+ 36. Kc3 Rg2 37. Rh8+ Kc7 38. Bd1 b5 39. Ra8 Kb6 40. Rd8 Rg3+ 41. Kc2 Bc6 42. Rd6 b4 43. Rxe6 Kc7 44. Kd2 0-1

[Event "Huarte Puente Foral op-B 4th"]
[Site "Huarte"]
[Date "2009.12.01"]
[Round "1"]
[White "Saunders, Mark A"]
[Black "Beaumont Arizaleta, Mikel"]
[Result "0-1"]
[WhiteElo "1852"]
[BlackElo "1718"]
[PlyCount "80"]
[EventDate "2009.12.01"]
[EventType "swiss"]
[EventRounds "8"]
[EventCountry "ESP"]
[SourceTitle "EXT 2016"]
[Source "ChessBase"]
[SourceDate "2015.10.08"]
[SourceVersion "1"]
[SourceVersionDate "2015.10.08"]
[SourceQuality "1"]

1. e4 e6 2. d4 d5 3. Nc3 Nf6 4. e5 Nfd7 5. Nce2 c5 6. c3 Nc6 7. f4 b6 8. Nf3 Ba6 9. g3 Rc8 10. a3 cxd4 11. cxd4 Na5 12. Bh3 Bc4 13. Nd2 Bd3 14. Nc3 f5 15. Nf3 Bc4 16. Bf1 Bb3 17. Qd3 Bc4 18. Qe3 Nb3 19. Rb1 Bxf1 20. Rxf1 Qc7 21. Bd2 Qc4 22. Qe2 Nxd4 23. Nxd4 Qxd4 24. Rc1 Nc5 25. Rf3 Nb3 26. Rc2 Qc4 27. Qxc4 Rxc4 28. Kd1 Nd4 29. Rf2 Nxc2 30. Kxc2 d4 31. Kd3 dxc3 32. Kxc4 cxd2 33. Rxd2 Be7 34. Kb5 Rf8 35. Ka6 Rf7 36. Kxa7 Bb4+ 37. Kxb6 Bxd2 38. b4 Be3+ 39. Kc6 Ra7 40. Kd6 Kf7 0-1